00409nam a2200169Ia 4500008004100000020001800041245001500059245004800074260001500122260001600137260000900153300001500162300002500177300001000202500000800212999001900220170705s9999 xx 000 0 und d a9780590487511 aPack 109 / cMike Thaler ; pictures by Normand Chartier. aNew York : bScholastic, c1988 a48 pages : bcolor illustration ; c23cm. a250 c335479d335479